中国国际航空国际航点 Air China International Destinations - Statistics

General Stats
  • This quiz has been taken 145 times
  • The average score is 34 of 60
Answer Stats
Answer % Correct
纽约肯尼迪
96%
羽田
94%
洛杉矶
90%
悉尼
86%
大阪
85%
莫斯科
83%
巴黎
83%
新加坡
83%
旧金山
82%
墨尔本
81%
罗马
78%
曼谷
78%
吉隆坡
76%
马德里
75%
温哥华
73%
釜山
71%
雅加达
71%
米兰
69%
仁川
69%
法兰克福
66%
伊斯坦布尔
65%
迪拜
65%
名古屋
65%
札幌
65%
河内
65%
马尼拉
63%
成田
63%
华盛顿
61%
慕尼黑
60%
奥克兰
57%
雅典
57%
巴塞罗那
56%
维也纳
53%
斯德哥尔摩
53%
金边
53%
华沙
52%
福冈
52%
仰光
51%
布达佩斯
49%
济州
48%
哥本哈根
46%
清迈
44%
胡志明市
43%
伊斯兰堡
42%
约翰内斯堡
41%
乌兰巴托
40%
日内瓦
34%
冲绳
34%
广岛
34%
仙台
34%
阿斯塔纳
31%
明斯克
28%
圣保罗
28%
金浦
28%
加德满都
28%
普吉
28%
卡拉奇
26%
伦敦希斯罗
24%
伦敦盖特维克
11%
赤塔
2%
No matching quizzes found
Score Distribution
Percent of People with Each Score
Percentile by Number Answered
Your Score History
You have not taken this quiz